[Event "GRE-ch Schools Lykeia"]
[Site "Athen"]
[Date "2022.06.12"]
[Round "1"]
[White "Arzoumanidis, Alexandros"]
[Black "Konstantopoulos, Panagiotis"]
[Result "1-0"]
[WhiteElo "1308"]
[BlackElo "1252"]
[PlyCount "117"]
[EventDate "2022.06.12"]
[EventType "swiss"]
[EventRounds "9"]
[EventCountry "GRE"]
[SourceTitle "EXT 2023"]
[Source "ChessBase"]
[SourceDate "2022.10.05"]
[SourceVersion "1"]
[SourceVersionDate "2022.10.05"]
[SourceQuality "1"]

1. e4 c6 2. d4 d5 3. exd5 cxd5 4. Nf3 Bg4 5. h3 Bxf3 6. Qxf3 Nc6 7. Qd1 Nf6 8. Bf4 Qb6 9. Nd2 Qxd4 10. Be3 Qe5 11. c3 e6 12. Nf3 Qc7 13. Be2 Be7 14. 0-0 0-0 15. Re1 Rfd8 16. Qa4 Qa5 17. Qb3 Rab8 18. Rad1 b5 19. Qc2 Ne4 20. Bd3 Nf6 21. a3 a6 22. Qe2 Qc7 23. Bb1 Ne5 24. Nd4 Nc4 25. Bc1 Bc5 26. Bg5 Be7 27. Qc2 Ne4 28. Bc1 Nf6 29. g3 Re8 30. Kg2 e5 31. Nf5 Qc6 32. Kh2 e4 33. Nxe7+ Rxe7 34. Bg5 Rd8 35. Bc1 Qc8 36. b3 Ne5 37. Kg2 Nf3 38. Re2 Rc7 39. c4 bxc4 40. Bf4 Rc6 41. b4 g5 42. Bc1 d4 43. Rxe4 Nxe4 44. Qxe4 Rf6 45. Qxh7+ Kf8 46. Be4 Ne5 47. Bxg5 Rg6 48. Bxg6 Nxg6 49. Qh6+ Ke8 50. Re1+ Kd7 51. Bxd8 Qxd8 52. Rd1 d3 53. Qe3 Qc7 54. Qd4+ Kc8 55. h4 c3 56. Qxd3 c2 57. Rc1 Qc6+ 58. f3 Ne5 59. Qxc2 1-0

[Event "Petroupoli op 3rd"]
[Site "Petroupoli"]
[Date "2012.03.17"]
[Round "3"]
[White "Psoma, Virginia"]
[Black "Konstantopoulos, Panagiotis"]
[Result "1-0"]
[WhiteElo "1626"]
[BlackElo "1010"]
[PlyCount "77"]
[EventDate "2012.03.10"]
[EventType "swiss"]
[EventRounds "7"]
[EventCountry "GRE"]
[SourceTitle "CBM 147 Extra"]
[Source "ChessBase"]
[SourceDate "2012.04.24"]
[SourceVersion "1"]
[SourceVersionDate "2012.04.24"]
[SourceQuality "1"]

1. e4 c5 2. c4 d6 3. Ne2 Nf6 4. Nbc3 Bg4 5. f3 Bh5 6. d4 cxd4 7. Nxd4 e5 8. Nc2 Be7 9. Be2 0-0 10. 0-0 Bg6 11. b3 Nc6 12. Ba3 Rc8 13. Nb5 a6 14. Nxd6 Rb8 15. c5 b6 16. cxb6 Qxb6+ 17. Kh1 Rbd8 18. Nc4 Bxa3 19. Nxb6 Rxd1 20. Rfxd1 Bc5 21. Na4 Ba7 22. Bxa6 Nd4 23. Rac1 Rd8 24. b4 Rd7 25. b5 Nxc2 26. Rxd7 Nxd7 27. Rxc2 f5 28. Rc7 Nc5 29. Nxc5 Bxc5 30. Rxc5 fxe4 31. fxe4 Bxe4 32. Rxe5 Bd3 33. Bc8 Bc4 34. b6 Bxa2 35. b7 Bc4 36. b8Q g6 37. Be6+ Kg7 38. Qg8+ Kh6 39. Qf8# 1-0

[Event "Petroupoli op 6th"]
[Site "Petroupoli"]
[Date "2011.10.19"]
[Round "2"]
[White "Konstantopoulos, Panagiotis"]
[Black "Darviris, Panagiotis"]
[Result "0-1"]
[WhiteElo "1005"]
[BlackElo "1461"]
[PlyCount "46"]
[EventDate "2011.10.15"]
[EventType "swiss"]
[EventRounds "7"]
[EventCountry "GRE"]
[SourceTitle "EXT 2013"]
[Source "ChessBase"]
[SourceDate "2012.11.22"]
[SourceVersion "1"]
[SourceVersionDate "2012.11.22"]
[SourceQuality "1"]

1. c4 e6 2. b3 d5 3. Nc3 c5 4. e3 Nc6 5. Nf3 d4 6. exd4 cxd4 7. Nb5 a6 8. Na3 Nf6 9. d3 Qa5+ 10. Qd2 Bb4 11. Nc2 Bxd2+ 12. Bxd2 Qd8 13. g3 0-0 14. Bg2 e5 15. 0-0 Bf5 16. Nb4 Nxb4 17. Bxb4 Re8 18. Rfd1 Qb6 19. Ba3 Rad8 20. Rac1 Qa5 21. Bb2 Qxa2 22. Rb1 Bxd3 23. Rxd3 Qxb1+ 0-1